00724cam a22002414a 4500001001300000003000400013005001700017008004100034010001700075035002000092040001800112050002100130100005400151240001700205245005800222260005100280300001900331490004200350546001300392504004100405700001900446999001700465sa 66006778 DLC20260227112259.0940609s1965 pk b 000 0 urdo  asa 66006778  a(OCoLC)30578805 aDLCcDLCdDLC00aPK2198b.Q3 19651 aQāʼim, Muḥammad Qiyāmuddīn,d1726?-1795?10aWorks.f196510aKulliyāt-i Qāʼim /cmurattibah Iqtidā Ḥasan. aLāhaur :bMajlis-i Taraqqī-yi Adab,c1965. a2 v. ;c22 cm.0 aUrdū kā kalāsīkī adab ;v61 aIn Urdu. aIncludes bibliographical references.1 aHasan, Iqtida. c70727d70727